00811 2200325 4500001002100000005001500021035002000036245005100056240001900107100003000126250000600156300003100162740002300193700002800216264003400244336002100278337003000299338002300329082000800352084001500360020002200375990001100397990001100408990001100419990001100430990001100441990001100452990001100463990001100474INLIS00000000000003020220607082346 a0010-06220000271 aBhs.Inggris X /cSophian Fanany ; Aisyah Anwar aBahasa Inggris0 aSophian FananyePengarang a3 a278 :bIlustrasi ;c27 cm. aLets Learn English0 aAisyah AnwarePengarang aJakarta :bBumi Aksara,c2016 2rdacontentaTeks 2rdamediaaTanpa Perantara 2rdacarrieraVolume a420 a420 SOP b a978-602-217-781-4 a220226 a220227 a220228 a220229 a220230 a220231 a220232 a220233